000 00988nam a22002775i 4500
001 177798
003 ES-MaACL
005 20250809063538.0
008 110427s1973 fr |||| | fre d
020 _a2-02-000670-7
080 _a94(44)"1871/1898"
100 1 _aMayeur, Jean-Marie,
_eaut
_d1933-2013
_979373
245 1 4 _aLes débuts de la Troisième République :
_b1871-1898 /
_cJean-Marie Mayeur
260 _a[París] :
_bÉditions du Seuil,
_c[1973]
300 _a254 páginas ;
_c18 cm
490 1 _aNouvelle histoire de la France contemporaine ;
_v10
_9190594
500 _aÍndices
504 _aBibliografía: páginas 237-248
651 7 _aFrancia-
_xHistoria-
_y1870-1914
_9146280
740 4 2 _aLes débuts de la IIIe République
830 0 _aNouvelle histoire de la France contemporaine ;
_v10
_9190594
852 _aES-MaACL
_cDEPO2
_dOlim P-123
_jE-15001
942 _2udc
_cMONOGRAFIA
_n0
999 _c177798
_d177798